00745cam a22002291 4500001001300000003000400013005001700017008004100034010001700075035002000092040001900112042001200131050001600143110007700159245007800236260001800314300001900332650004100351650004900392710005700441999001700498ne 64001884 DLC20260227111802.0830701s1963 ua bc 000 0 eng  ane 64001884  a(OCoLC)16762157 aDLCcOrPSdDLC apremarc00aZ6651b.C351 aCairo (Egypt).bMa'had al-Takhtit al-Qawmi.bOperations Research Center.10aSubject guide to books of the Operations Research Center, Branch-Library. aCairo,c1963. a385 p.c26 cm. 0aMathematicsvBibliographyvCatalogs. 0aOperations researchvBibliographyvCatalogs.1 aCairo (Egypt).bMaʻhad al-Takhṭīṭ al-Qawmī. c47263d47263